[Event "Junior Online 4NCL Div 3 Playoff"]
[Site "online"]
[Date "2020.11.26"]
[Round "8.14"]
[White "Larcombe, Dominic"]
[Black "Baguley, Rory"]
[Result "0-1"]
[WhiteElo "875"]
[BlackElo "1187"]
[PlyCount "62"]
[EventDate "2020.11.26"]
[WhiteTeam "Rhodes Avenue Knights"]
[BlackTeam "Surbiton Juniors B"]

1. e4 e5 2. Nf3 Nc6 3. Bc4 Nf6 4. Nc3 Bc5 5. d3 O-O 6. Bg5 d6 7. Nd5 Nd4 8.
Nxf6+ gxf6 9. Bh6 Re8 10. Nxd4 Bxd4 11. O-O f5 12. Qf3 f4 13. c3 Bc5 14. d4 Bb6
15. dxe5 dxe5 16. Rad1 Qf6 17. Qh5 Kh8 18. Bxf7 Re7 19. Bg5 Qxf7 20. Qg4 Bxg4
21. Bxe7 Bxd1 22. Rxd1 Qxe7 23. Rd5 c6 24. Rd1 Rd8 25. Re1 Qc5 26. Rf1 Qc4 27.
b3 Qxe4 28. a4 Rg8 29. g3 fxg3 30. hxg3 Rxg3+ 31. Kh2 Qh4# 0-1

[Event "Junior Online 4NCL Div 3 Playoff"]
[Site "online"]
[Date "2020.11.26"]
[Round "8.15"]
[White "Groshong, William"]
[Black "Bailey, Matthew"]
[Result "1-0"]
[WhiteElo "900"]
[BlackElo "1412"]
[PlyCount "124"]
[EventDate "2020.11.26"]
[WhiteTeam "Rhodes Avenue Knights"]
[BlackTeam "Surbiton Juniors B"]

1. e4 d5 2. exd5 Qxd5 3. Nc3 Qa5 4. Bc4 Nf6 5. Nf3 Bf5 6. d3 e6 7. Bd2 c6 8. a3
Nbd7 9. b4 Qd8 10. O-O Be7 11. b5 Qc7 12. bxc6 bxc6 13. Re1 O-O 14. g3 Rab8 15.
Bf4 Bd6 16. Qd2 Bxf4 17. Qxf4 Qxf4 18. gxf4 Rb2 19. Nd4 Bg6 20. Rab1 Rxb1 21.
Rxb1 c5 22. Nc6 e5 23. fxe5 Ng4 24. Nxa7 Ndxe5 25. Rc1 Ra8 26. Nab5 h6 27. a4
Ra6 28. Na3 Nxc4 29. Nxc4 Rf6 30. Rf1 Bf5 31. f3 Rg6 32. fxg4 Bxg4 33. Rf4 Bd1+
34. Kf2 Bxc2 35. Ke3 Rg2 36. Rf5 Rxh2 37. Rxc5 Rh3+ 38. Kd2 Bxd3 39. a5 Bxc4
40. Rxc4 Rh2+ 41. Kd3 Ra2 42. Ra4 Rb2 43. a6 Rb8 44. a7 Ra8 45. Nb5 Rd8+ 46.
Kc4 Ra8 47. Nc7 Rxa7 48. Rxa7 g5 49. Nd5 f5 50. Kd4 g4 51. Ke3 h5 52. Ra6 Kg7
53. Nf4 h4 54. Rg6+ Kh7 55. Kf2 h3 56. Kg3 h2 57. Kxh2 g3+ 58. Rxg3 Kh6 59.
Rg6+ Kh7 60. Kh3 Kh8 61. Rf6 Kg7 62. Rxf5 Kh6 1-0

[Event "Junior Online 4NCL Div 3 Playoff"]
[Site "online"]
[Date "2020.11.26"]
[Round "8.16"]
[White "Tran, Joseph"]
[Black "Bolt, James"]
[Result "1-0"]
[WhiteElo "1337"]
[BlackElo "900"]
[PlyCount "53"]
[EventDate "2020.11.26"]
[WhiteTeam "Surbiton Juniors B"]
[BlackTeam "Rhodes Avenue Knights"]

1. e4 e5 2. Nf3 Nc6 3. Bc4 Bc5 4. c3 Nf6 5. d4 exd4 6. e5 d5 7. exd6 cxd6 8.
cxd4 Bb4+ 9. Nc3 O-O 10. O-O Bg4 11. d5 Ne5 12. Be2 Bxf3 13. Bxf3 Ned7 14. Ne4
Qc7 15. Nxf6+ Nxf6 16. Bd2 Bc5 17. Rc1 Bb6 18. Rxc7 Bxc7 19. Bc3 Rae8 20. Bxf6
gxf6 21. Re1 Rxe1+ 22. Qxe1 Bd8 23. h3 f5 24. Qb1 Bf6 25. Qxf5 Bxb2 26. Be4 b6
27. Qxh7# 1-0

[Event "Junior Online 4NCL Div 3 Playoff"]
[Site "online"]
[Date "2020.11.26"]
[Round "8.17"]
[White "Crewe, Ben"]
[Black "Sheftel, Sam"]
[Result "1-0"]
[WhiteElo "875"]
[BlackElo "1300"]
[PlyCount "91"]
[EventDate "2020.11.26"]
[WhiteTeam "Rhodes Avenue Knights"]
[BlackTeam "Surbiton Juniors B"]

1. d4 e6 2. e4 Nf6 3. Nc3 Bb4 4. f3 O-O 5. Bd2 Bxc3 6. Bxc3 d5 7. e5 Nh5 8. g4
Nf4 9. Ne2 Nxe2 10. Qxe2 Qh4+ 11. Qf2 Qxf2+ 12. Kxf2 Nc6 13. Bb5 Bd7 14. h4 a6
15. Bxc6 Bxc6 16. Rad1 Ba4 17. b3 Bc6 18. Bb4 Rfe8 19. c4 dxc4 20. bxc4 a5 21.
Bc3 Ba4 22. Rb1 Bc2 23. Rxb7 Re7 24. d5 exd5 25. cxd5 Rc8 26. d6 Rd7 27. Bxa5
h6 28. Rc1 Ba4 29. Rbxc7 Rdxc7 30. Rxc7 Rxc7 31. dxc7 Bd7 32. f4 Bxg4 33. Kg3
Bc8 34. Kf3 f5 35. exf6 gxf6 36. Ke4 Kf7 37. Kd5 Ke7 38. Bb6 Kd7 39. a4 h5 40.
a5 f5 41. Kc5 Bb7 42. Kb5 Bc8 43. a6 Kd6 44. a7 Kd7 45. a8=Q Ke8 46. Qxc8+ 1-0

[Event "Junior Online 4NCL Div 3 Playoff"]
[Site "online"]
[Date "2020.11.26"]
[Round "8.18"]
[White "Baguley, Rory"]
[Black "Larcombe, Dominic"]
[Result "1-0"]
[WhiteElo "1187"]
[BlackElo "875"]
[PlyCount "49"]
[EventDate "2020.11.26"]
[WhiteTeam "Surbiton Juniors B"]
[BlackTeam "Rhodes Avenue Knights"]

1. e4 e5 2. Nf3 Nc6 3. Bc4 Bc5 4. c3 Nf6 5. d4 exd4 6. cxd4 Bb4+ 7. Nc3 Nxe4 8.
O-O Nxc3 9. bxc3 Bxc3 10. Ba3 Bxa1 11. Re1+ Ne7 12. Rxe7+ Qxe7 13. Bxe7 Kxe7
14. Qxa1 Kf8 15. Qe1 d6 16. Bb5 Bg4 17. Ng5 h6 18. Nf3 Bxf3 19. gxf3 c6 20. Bc4
d5 21. Bd3 Re8 22. Qb4+ Kg8 23. Qxb7 Re1+ 24. Kg2 Ra1 25. Qc8# 1-0

[Event "Junior Online 4NCL Div 3 Playoff"]
[Site "online"]
[Date "2020.11.26"]
[Round "8.21"]
[White "Adatia, Amar"]
[Black "Jayawarna, Thisumi"]
[Result "1-0"]
[WhiteElo "1457"]
[BlackElo "1637"]
[PlyCount "135"]
[EventDate "2020.11.26"]
[WhiteTeam "KJCA Young Kestrels F"]
[BlackTeam "Manchester Juniors B"]

1. d4 Nf6 2. c4 c5 3. d5 e6 4. dxe6 fxe6 5. Bg5 Be7 6. Nf3 d5 7. cxd5 exd5 8.
Nc3 O-O 9. Bxf6 Bxf6 10. Qxd5+ Qxd5 11. Nxd5 Nc6 12. Nxf6+ Rxf6 13. e3 Nb4 14.
Bc4+ Be6 15. Bxe6+ Rxe6 16. O-O Rf8 17. a3 Nd3 18. b3 Ne5 19. Nxe5 Rxe5 20.
Rad1 Rg5 21. Rd7 Rf7 22. Rd8+ Rf8 23. Rfd1 Rgf5 24. R1d7 Rxf2 25. Rxf8+ Rxf8
26. Rxb7 Rf7 27. Rb8+ Rf8 28. Rxf8+ Kxf8 29. Kf2 Ke7 30. Kf3 Ke6 31. Ke4 h6 32.
b4 cxb4 33. axb4 a6 34. h4 g6 35. g4 Kd6 36. h5 gxh5 37. gxh5 Ke6 38. Kf4 Kf6
39. e4 Ke6 40. e5 Ke7 41. Kf5 Kf7 42. e6+ Ke7 43. Ke5 Ke8 44. Kf6 Kf8 45. Ke5
Ke7 46. Kd5 Ke8 47. Kc6 Ke7 48. Kb6 Kxe6 49. Kxa6 Kd6 50. b5 Kc7 51. Ka7 Kc8
52. b6 Kd7 53. b7 Ke6 54. b8=Q Kf5 55. Qg8 Kf6 56. Qd5 Ke7 57. Kb7 Kf6 58. Kc7
Ke7 59. Qd6+ Ke8 60. Qe6+ Kf8 61. Qxh6+ Ke7 62. Qd6+ Kf7 63. h6 Kg8 64. Qg6+
Kf8 65. Qg7+ Ke8 66. Qd7+ Kf8 67. Kd6 Kg8 68. Qg7# 1-0

[Event "Junior Online 4NCL Div 3 Playoff"]
[Site "online"]
[Date "2020.11.26"]
[Round "8.22"]
[White "Eccleston, Bryony"]
[Black "Barton, Ben"]
[Result "1/2-1/2"]
[WhiteElo "1397"]
[BlackElo "1442"]
[PlyCount "145"]
[EventDate "2020.11.26"]
[WhiteTeam "Manchester Juniors B"]
[BlackTeam "KJCA Young Kestrels F"]

1. d4 c5 2. d5 e6 3. e4 Nf6 4. Nc3 exd5 5. exd5 d6 6. Bg5 Be7 7. Bb5+ Bd7 8.
Bxd7+ Nbxd7 9. Nf3 O-O 10. O-O Nb6 11. Re1 Nfxd5 12. Nxd5 Bxg5 13. Nxb6 axb6
14. Nxg5 Qxg5 15. Qxd6 Rfd8 16. Qxb6 Qd2 17. Qxc5 Rxa2 18. Qe3 Qxe3 19. fxe3
Rxb2 20. Red1 Rxd1+ 21. Rxd1 h6 22. c4 Rc2 23. Rd4 Kf8 24. Rd7 Rxc4 25. Rxb7
Re4 26. Kf2 g6 27. Kf3 Re7 28. Rxe7 Kxe7 29. Ke4 Ke6 30. h3 f5+ 31. Kf4 g5+ 32.
Kf3 Ke5 33. g4 Kf6 34. gxf5 h5 35. e4 Ke5 36. Ke3 Kf6 37. Kf3 Ke5 38. Ke3 Kf6
39. Kd4 h4 40. Kd5 g4 41. e5+ Ke7 42. f6+ Kf7 43. Kd6 g3 44. e6+ Kxf6 45. e7 g2
46. e8=Q g1=Q 47. Qe6+ Kg7 48. Qe5+ Kh6 49. Qf4+ Qg5 50. Qf8+ Qg7 51. Qf4+ Kh5
52. Qf3+ Kh6 53. Qf4+ Qg5 54. Qf8+ Kh5 55. Qh8+ Qh6+ 56. Qxh6+ Kxh6 57. Ke5 Kg5
58. Ke4 Kf6 59. Kf4 Kg6 60. Kg4 Kh7 61. Kxh4 Kh6 62. Kg4 Kg6 63. h4 Kh6 64. h5
Kh7 65. Kg5 Kg7 66. h6+ Kh7 67. Kh5 Kh8 68. Kg6 Kg8 69. Kh5 Kh7 70. Kg5 Kh8 71.
Kg6 Kg8 72. h7+ Kh8 73. Kh6 1/2-1/2

[Event "Junior Online 4NCL Div 3 Playoff"]
[Site "online"]
[Date "2020.11.26"]
[Round "8.23"]
[White "Shkuratovskyi, Makariy"]
[Black "Correa, Rebecca"]
[Result "0-1"]
[WhiteElo "1375"]
[BlackElo "1390"]
[PlyCount "48"]
[EventDate "2020.11.26"]
[WhiteTeam "KJCA Young Kestrels F"]
[BlackTeam "Manchester Juniors B"]

1. e4 c5 2. Nf3 d6 3. d4 cxd4 4. Nxd4 Nf6 5. Nc3 a6 6. Be3 e5 7. Nf3 Be6 8. Qd2
Be7 9. O-O-O O-O 10. Nd5 Nxd5 11. exd5 Bf5 12. Bd3 Bxd3 13. Qxd3 Nd7 14. Rd2
Qc7 15. Rhd1 Rac8 16. b3 Nf6 17. c4 e4 18. Qd4 exf3 19. gxf3 Nd7 20. Rg1 Bf6
21. Qg4 Ne5 22. Qg3 Ng6 23. Bg5 Bxg5 24. Qxg5 Rfe8 0-1

[Event "Junior Online 4NCL Div 3 Playoff"]
[Site "online"]
[Date "2020.11.26"]
[Round "8.24"]
[White "Fung, Marcus"]
[Black "Allen, George"]
[Result "0-1"]
[WhiteElo "1382"]
[BlackElo "1390"]
[PlyCount "84"]
[EventDate "2020.11.26"]
[WhiteTeam "Manchester Juniors B"]
[BlackTeam "KJCA Young Kestrels F"]

1. d4 Nf6 2. Bf4 e6 3. e3 Nc6 4. Bd3 d5 5. c3 h6 6. Ne2 Bd6 7. Bg3 O-O 8. Nd2
Re8 9. f3 e5 10. dxe5 Nxe5 11. Bxe5 Bxe5 12. Qc2 a6 13. g4 c5 14. b3 b5 15. Qb1
Be6 16. h4 Rc8 17. g5 c4 18. Bc2 Nd7 19. f4 Bb8 20. gxh6 gxh6 21. Nf1 Nf6 22.
b4 Qd7 23. Nd4 Bc7 24. Bf5 Bxf4 25. Bxe6 Rxe6 26. Nxe6 Qxe6 27. Rg1+ Kf8 28.
Qc1 Re8 29. Ke2 Ng4 30. Kf3 Qe4+ 31. Ke2 Nxe3 32. Nxe3 Bxe3 33. Qf1 Bxg1+ 34.
Kd1 Qd3+ 35. Qxd3 cxd3 36. Kd2 Bf2 37. Kxd3 Bxh4 38. a4 Rb8 39. axb5 axb5 40.
Rh1 Bg5 41. Rf1 Kg7 42. Rf4 Bxf4 0-1

[Event "Junior Online 4NCL Div 3 Playoff"]
[Site "online"]
[Date "2020.11.26"]
[Round "8.25"]
[White "Jayawarna, Thisumi"]
[Black "Adatia, Amar"]
[Result "0-1"]
[WhiteElo "1637"]
[BlackElo "1457"]
[PlyCount "154"]
[EventDate "2020.11.26"]
[WhiteTeam "Manchester Juniors B"]
[BlackTeam "KJCA Young Kestrels F"]

1. e4 c5 2. Nf3 d6 3. d4 cxd4 4. Nxd4 Nf6 5. Nc3 a6 6. Be3 e6 7. f3 Nbd7 8. Qd2
b5 9. Be2 Bb7 10. Bd3 Be7 11. O-O O-O 12. f4 b4 13. Nce2 Nxe4 14. Bxe4 Bxe4 15.
Qxb4 d5 16. Qd2 Rc8 17. c3 Nf6 18. Ng3 Qb6 19. Ndf5 Bc5 20. Bxc5 Qxc5+ 21. Nd4
Rfd8 22. Kh1 Qc4 23. f5 e5 24. Nf3 Bxf3 25. Rxf3 d4 26. cxd4 Rxd4 27. Qf2 Rcd8
28. h3 Rd1+ 29. Rxd1 Rxd1+ 30. Kh2 Qxa2 31. Qe2 Qd5 32. Rc3 g6 33. fxg6 hxg6
34. Rc8+ Kg7 35. Rc2 Qd3 36. Qxd3 Rxd3 37. Kg1 e4 38. Ne2 Nd5 39. Kf2 f5 40.
Ng3 Nf4 41. Ne2 Nxe2 42. Rxe2 Kf6 43. Ke1 g5 44. Kf2 Ke5 45. Ke1 f4 46. Kf2 e3+
47. Kf3 Rd2 48. Rxd2 exd2 49. Ke2 Kd4 50. Kxd2 a5 51. b3 Ke4 52. Ke2 Kf5 53.
Kf3 Ke5 54. Ke2 Ke4 55. Kd2 f3 56. g4 Kf4 57. Ke1 Kg3 58. Kf1 Kxh3 59. Kf2 Kxg4
60. Kf1 Kg3 61. Kg1 g4 62. Kf1 Kh2 63. Kf2 Kh1 64. Kg3 Kg1 65. Kxg4 f2 66. Kf4
f1=Q+ 67. Ke4 Qe1+ 68. Kd3 Qd1+ 69. Kc4 Qd6 70. Kb5 Qb4+ 71. Ka6 Qxb3 72. Kxa5
Kf2 73. Ka6 Ke3 74. Ka7 Kd4 75. Ka8 Kc5 76. Ka7 Kc6 77. Ka8 Qb7# 0-1

[Event "Junior Online 4NCL Div 3 Playoff"]
[Site "online"]
[Date "2020.11.26"]
[Round "8.26"]
[White "Barton, Ben"]
[Black "Eccleston, Bryony"]
[Result "1-0"]
[WhiteElo "1442"]
[BlackElo "1397"]
[PlyCount "67"]
[EventDate "2020.11.26"]
[WhiteTeam "KJCA Young Kestrels F"]
[BlackTeam "Manchester Juniors B"]

1. e4 d5 2. e5 e6 3. d4 c5 4. c3 Nc6 5. Bb5 cxd4 6. cxd4 Qa5+ 7. Nc3 Bb4 8.
Bxc6+ bxc6 9. Bd2 Ne7 10. a3 Bxc3 11. Bxc3 Qb6 12. Nf3 Ba6 13. Qd2 Nf5 14. Rc1
O-O 15. g4 Ne7 16. Bb4 Rfe8 17. Qc2 Qb5 18. Ng5 Ng6 19. h4 h6 20. h5 hxg5 21.
hxg6 fxg6 22. Bc3 Kf7 23. a4 Qc4 24. b3 Qd3 25. Qxd3 Bxd3 26. Bd2 Rh8 27. Rg1
Rab8 28. b4 Rb7 29. Rxc6 Rhb8 30. Rg3 Bc4 31. Rf3+ Ke7 32. Rd6 Rh8 33. Bxg5+
Ke8 34. Rd8# 1-0

[Event "Junior Online 4NCL Div 3 Playoff"]
[Site "online"]
[Date "2020.11.26"]
[Round "8.27"]
[White "Correa, Rebecca"]
[Black "Shkuratovskyi, Makariy"]
[Result "1/2-1/2"]
[WhiteElo "1390"]
[BlackElo "1375"]
[PlyCount "56"]
[EventDate "2020.11.26"]
[WhiteTeam "Manchester Juniors B"]
[BlackTeam "KJCA Young Kestrels F"]

1. d4 d5 2. Nf3 Bf5 3. Bf4 Nf6 4. h3 e6 5. e3 Bd6 6. Bxd6 Qxd6 7. Be2 O-O 8.
O-O Nc6 9. c3 Rfe8 10. Nbd2 e5 11. dxe5 Nxe5 12. Nxe5 Rxe5 13. Nf3 Re7 14. Qd2
Rd8 15. Nd4 Bg6 16. Bd3 Bxd3 17. Qxd3 Qe5 18. Rad1 Qe4 19. Qxe4 Nxe4 20. Rd3 c5
21. Nf3 c4 22. Rd4 Red7 23. Rfd1 b5 24. Ne5 Rd6 25. a3 f6 26. Nf3 a5 27. Nd2
Nxd2 28. R1xd2 a4 1/2-1/2

[Event "Junior Online 4NCL Div 3 Playoff"]
[Site "online"]
[Date "2020.11.26"]
[Round "8.28"]
[White "Allen, George"]
[Black "Fung, Marcus"]
[Result "0-1"]
[WhiteElo "1390"]
[BlackElo "1382"]
[PlyCount "72"]
[EventDate "2020.11.26"]
[WhiteTeam "KJCA Young Kestrels F"]
[BlackTeam "Manchester Juniors B"]

1. b4 e5 2. Bb2 e4 3. e3 d5 4. c4 c6 5. h3 f5 6. d3 Nf6 7. c5 Be6 8. d4 Nbd7 9.
a3 g5 10. Nc3 a5 11. f3 h5 12. Be2 Bg7 13. b5 Qc7 14. Kd2 Qg3 15. Qf1 exf3 16.
Nxf3 f4 17. Qg1 g4 18. Ne1 fxe3+ 19. Qxe3 Bh6 20. Qxh6 Rxh6 21. Bd3 Ne4+ 22.
Nxe4 dxe4 23. Bxe4 Qf2+ 24. Kd1 Qxb2 25. Rb1 Qxd4+ 26. Bd3 Nxc5 27. Kc2 Nxd3
28. Nxd3 Bf5 29. Rhe1+ Kf8 30. Rf1 Rf6 31. Rbd1 Bxd3+ 32. Rxd3 Qc4+ 33. Rc3
Qxf1 34. Kb3 Qxb5+ 35. Kc2 Rf2+ 36. Kc1 Qf1# 0-1

[Event "Junior Online 4NCL Division 4"]
[Site "online"]
[Date "2020.08.20"]
[Round "1.11"]
[White "Mehta, Devina"]
[Black "Bommi, Praneeth"]
[Result "0-1"]
[WhiteElo "700"]
[BlackElo "887"]
[PlyCount "136"]
[EventDate "2020.08.20"]
[WhiteTeam "Watford Juniors F"]
[BlackTeam "Uxbridge Juniors C"]

1. e4 e6 2. Nf3 b6 3. Nc3 Bb7 4. d4 Nf6 5. e5 Ne4 6. Nxe4 Bxe4 7. Be2 Bb4+ 8.
c3 Be7 9. O-O O-O 10. Be3 Nc6 11. a3 d6 12. exd6 Qxd6 13. Bd3 Bxd3 14. Qxd3 Bf6
15. Rad1 Ne7 16. g3 Nf5 17. Bf4 Qc6 18. d5 Qxd5 19. Qxd5 exd5 20. Rxd5 Ne7 21.
Rdd1 c5 22. Bd6 Rfe8 23. Rfe1 Nc6 24. Rxe8+ Rxe8 25. Re1 Rxe1+ 26. Nxe1 Bg5 27.
Nf3 Bc1 28. b4 Bxa3 29. b5 Nd8 30. c4 Nb7 31. Bb8 Bb4 32. Bxa7 Ba5 33. Nd2 Bxd2
34. Bxb6 Bb4 35. Kg2 Nd6 36. Bc7 Nxc4 37. b6 Na5 38. Kf1 Nb7 39. Ke2 Kf8 40.
Kd1 Ke8 41. Kc2 Kd7 42. Kd3 Kc6 43. Kc4 Ba5 44. Be5 Bxb6 45. Bxg7 Nd6+ 46. Kc3
Ne4+ 47. Kc4 Nxf2 48. h4 Bc7 49. Bh6 Bxg3 50. Be3 Ne4 51. h5 Nd6+ 52. Kb3 Nf5
53. Bd2 Nd4+ 54. Kc4 Nf3 55. Bc3 f5 56. Kd3 Bf2 57. Ke2 Bd4 58. Ba5 Ng1+ 59.
Kf1 f4 60. Kg2 f3+ 61. Kf1 f2 62. Bd8 Nh3 63. Bh4 c4 64. Bg5 c3 65. Bc1 Kc5 66.
Ba3+ Kc4 67. Bc1 c2 68. Bb2 Bxb2 0-1

[Event "Junior Online 4NCL Division 4"]
[Site "online"]
[Date "2020.08.20"]
[Round "1.12"]
[White "Bhargava, Aarav"]
[Black "Bamania, Prayaan"]
[Result "1-0"]
[WhiteElo "857"]
[BlackElo "700"]
[PlyCount "49"]
[EventDate "2020.08.20"]
[WhiteTeam "Uxbridge Juniors C"]
[BlackTeam "Watford Juniors F"]

1. e4 e5 2. Nf3 d6 3. Bc4 Be6 4. Bxe6 fxe6 5. O-O d5 6. d3 dxe4 7. dxe4 Nf6 8.
Nxe5 Nxe4 9. Qxd8+ Kxd8 10. Rd1+ Ke8 11. Re1 Nc5 12. Be3 Nc6 13. Nxc6 bxc6 14.
Bxc5 Bxc5 15. Rxe6+ Be7 16. Rxc6 Bd6 17. Nc3 Rb8 18. Re1+ Kf8 19. Ne4 Be7 20.
Rxc7 Rxb2 21. Rxa7 Rxa2 22. Re2 Rxa7 23. h3 Bd6 24. Nxd6 Rd7 25. Re8# 1-0

[Event "Junior Online 4NCL Division 4"]
[Site "online"]
[Date "2020.08.20"]
[Round "1.13"]
[White "Kalavadia, Kunal"]
[Black "Chopra, Nipun"]
[Result "1-0"]
[WhiteElo "700"]
[BlackElo "850"]
[PlyCount "87"]
[EventDate "2020.08.20"]
[WhiteTeam "Watford Juniors F"]
[BlackTeam "Uxbridge Juniors C"]

1. b4 e5 2. g3 Nc6 3. a3 Nf6 4. Bg2 h6 5. Bb2 Bd6 6. c3 O-O 7. b5 Na5 8. Nf3 h5
9. O-O g5 10. Nxg5 Nh7 11. Ne4 Be7 12. g4 hxg4 13. Ng3 Nc4 14. Qc1 d5 15. d3
Na5 16. Re1 e4 17. d4 Bg5 18. Qc2 e3 19. Rf1 b6 20. f4 Bh6 21. a4 Qd6 22. Nf5
Bxf5 23. Qxf5 Nc4 24. Ba3 Nxa3 25. Nxa3 Qxa3 26. Rxa3 c6 27. h3 gxh3 28. Bxh3
cxb5 29. Qg4+ Bg5 30. fxg5 f6 31. gxf6+ Ng5 32. Qxg5+ Kf7 33. axb5 a6 34. Qxd5+
Kg6 35. Bf5+ Kxf6 36. Bg4+ Ke7 37. Qg5+ Ke8 38. Bf3 Rxf3 39. Rxf3 axb5 40.
Rxa8+ Kd7 41. Rd8+ Kc6 42. Rf6+ Kb7 43. Qg7+ Ka6 44. Ra8# 1-0

[Event "Junior Online 4NCL Division 4"]
[Site "online"]
[Date "2020.08.20"]
[Round "1.14"]
[White "Bhargava, Arnav"]
[Black "Sriram, Gautam"]
[Result "0-1"]
[WhiteElo "700"]
[BlackElo "700"]
[PlyCount "58"]
[EventDate "2020.08.20"]
[WhiteTeam "Uxbridge Juniors C"]
[BlackTeam "Watford Juniors F"]

1. d4 d5 2. c4 dxc4 3. e3 Nc6 4. Bxc4 Na5 5. Bd3 Nf6 6. Qa4+ Bd7 7. Qxa5 b6 8.
Qg5 h6 9. Qg3 e6 10. Nf3 Bb4+ 11. Bd2 Bxd2+ 12. Nbxd2 O-O 13. Ne4 Nxe4 14. Bxe4
Rc8 15. Ne5 Bb5 16. Bc2 Qe7 17. Qf4 Qb4+ 18. Kd1 Qxb2 19. Rc1 Qxa2 20. Qe4 Rfe8
21. Nxf7 Kf8 22. Ne5 Re7 23. Ng6+ Ke8 24. Nxe7 Kxe7 25. Qh4+ Ke8 26. Bg6+ Kf8
27. Qf4+ Kg8 28. Qf7+ Kh8 29. Bb1 Qe2# 0-1

[Event "Junior Online 4NCL Division 4"]
[Site "online"]
[Date "2020.08.20"]
[Round "1.15"]
[White "Bommi, Praneeth"]
[Black "Mehta, Devina"]
[Result "1-0"]
[WhiteElo "887"]
[BlackElo "700"]
[PlyCount "53"]
[EventDate "2020.08.20"]
[WhiteTeam "Uxbridge Juniors C"]
[BlackTeam "Watford Juniors F"]

1. e3 e5 2. b3 d5 3. Bb2 d4 4. Nf3 Bd6 5. exd4 exd4 6. Bxd4 Nc6 7. Bxg7 Qe7+ 8.
Be2 f6 9. Bxh8 h6 10. O-O Bf5 11. Bd3 Bxd3 12. cxd3 Qe6 13. Re1 Be5 14. Nxe5
fxe5 15. Qh5+ Kf8 16. Qf3+ Ke7 17. Nc3 h5 18. Nd5+ Kd6 19. Nc3 Qh6 20. Nb5+ Kd7
21. Bxe5 Qxd2 22. Qd5+ Ke8 23. Nxc7+ Kf8 24. Nxa8 Nh6 25. Qd6+ Kg8 26. Qd7 Ng4
27. Qg7# 1-0

[Event "Junior Online 4NCL Division 4"]
[Site "online"]
[Date "2020.08.20"]
[Round "1.16"]
[White "Bamania, Prayaan"]
[Black "Bhargava, Aarav"]
[Result "0-1"]
[WhiteElo "700"]
[BlackElo "857"]
[PlyCount "27"]
[EventDate "2020.08.20"]
[WhiteTeam "Watford Juniors F"]
[BlackTeam "Uxbridge Juniors C"]

1. d4 Nf6 2. Bf4 Nd5 3. e3 Nc6 4. Bc4 Nxf4 5. exf4 e6 6. d5 exd5 7. Bxd5 Nb4 8.
Qd4 Nxc2+ 9. Kd1 Nxd4 10. Nf3 Nxf3 11. gxf3 Bb4 12. Re1+ Bxe1 13. Kxe1 Qe7+ 14.
Kd1 0-1

[Event "Junior Online 4NCL Division 4"]
[Site "online"]
[Date "2020.08.20"]
[Round "1.17"]
[White "Chopra, Nipun"]
[Black "Kalavadia, Kunal"]
[Result "0-1"]
[WhiteElo "850"]
[BlackElo "700"]
[PlyCount "48"]
[EventDate "2020.08.20"]
[WhiteTeam "Uxbridge Juniors C"]
[BlackTeam "Watford Juniors F"]

1. e4 Nf6 2. Bc4 g6 3. Nc3 d6 4. Nf3 Bd7 5. Qe2 Nc6 6. Bb3 Na5 7. Na4 Bg4 8.
Qc4 Nxc4 9. Bxc4 Nxe4 10. d3 Nc5 11. d4 Nxa4 12. b3 Nc3 13. Bd2 Ne4 14. Bd3 c6
15. Bxe4 Bg7 16. d5 Bxa1 17. Bc3 Bxc3+ 18. Nd2 Qa5 19. a3 Bxd2+ 20. Kf1 Qxa3
21. Bf3 Qa1+ 22. Ke2 Qxh1 23. g3 Bxf3+ 24. Kxd2 Qd1+ 0-1

[Event "Junior Online 4NCL Division 4"]
[Site "online"]
[Date "2020.08.20"]
[Round "1.18"]
[White "Sriram, Gautam"]
[Black "Bhargava, Arnav"]
[Result "1-0"]
[WhiteElo "700"]
[BlackElo "700"]
[PlyCount "38"]
[EventDate "2020.08.20"]
[WhiteTeam "Watford Juniors F"]
[BlackTeam "Uxbridge Juniors C"]

1. e4 d5 2. exd5 Qxd5 3. Nc3 Qd6 4. Ne4 Qd4 5. Bd3 Nf6 6. Nxf6+ Qxf6 7. Nf3 e6
8. O-O Bd6 9. Bb5+ Nc6 10. Bxc6+ bxc6 11. Re1 Qg6 12. Nh4 Qg5 13. Nf3 Qg6 14.
d3 e5 15. Bg5 Be7 16. Bxe7 Kxe7 17. Nxe5 Qg5 18. Nf3+ Qe5 19. Rxe5+ Kd6 1-0

[Event "Junior Online 4NCL Division 4"]
[Site "online"]
[Date "2020.08.20"]
[Round "1.21"]
[White "Machutadze, Nicholas"]
[Black "Patel, Aadi"]
[Result "0-1"]
[WhiteElo "700"]
[BlackElo "1292"]
[PlyCount "150"]
[EventDate "2020.08.20"]
[WhiteTeam "Uxbridge Juniors D"]
[BlackTeam "The Hall 2"]

1. d4 d5 2. e3 Nc6 3. Bb5 Bd7 4. Nf3 Nf6 5. O-O e6 6. Na3 Bxa3 7. bxa3 a6 8.
Bxc6 Bxc6 9. Ne5 O-O 10. Nxc6 bxc6 11. a4 Ne4 12. c3 Nxc3 13. Qc2 Ne4 14. Ba3
Re8 15. Rab1 Qd7 16. f3 Nf6 17. a5 Rab8 18. Rxb8 Rxb8 19. Rb1 Rxb1+ 20. Qxb1 h6
21. Qb8+ Kh7 22. h3 Ne8 23. Kh2 Nd6 24. Bb4 Nc4 25. e4 dxe4 26. fxe4 Qxd4 27.
Qxc7 Qxe4 28. Qxf7 Ne5 29. Qb7 Qf4+ 30. Kg1 Nd3 31. Ba3 Qf2+ 32. Kh2 Ne1 33.
Qxc6 Qxa2 34. Bb4 Nd3 35. Qe4+ g6 36. Qxd3 Qb2 37. Bc3 Qb8+ 38. Kh1 Qc7 39. Bd4
Qd6 40. Kg1 e5 41. Qf3 Qxd4+ 42. Kh2 Qf4+ 43. Qxf4 exf4 44. h4 Kg7 45. Kh3 Kf6
46. Kg4 Ke5 47. h5 g5 48. Kf3 g4+ 49. Kxg4 Ke4 50. Kh4 Kf5 51. Kh3 Kg5 52. g3
fxg3 53. Kxg3 Kxh5 54. Kf4 Kg6 55. Ke5 h5 56. Kd6 h4 57. Kc6 h3 58. Kb6 h2 59.
Kxa6 h1=Q 60. Kb6 Qb1+ 61. Ka6 Kf7 62. Ka7 Qg1+ 63. Ka6 Qg6+ 64. Kb5 Qd3+ 65.
Ka4 Qa6 66. Kb4 Ke6 67. Ka4 Kd6 68. Kb4 Kc6 69. Ka4 Qb5+ 70. Ka3 Qxa5+ 71. Kb3
Qh5 72. Kc3 Qd1 73. Kb4 Qc2 74. Ka5 Qb3 75. Ka6 Qb6# 0-1

[Event "Junior Online 4NCL Division 4"]
[Site "online"]
[Date "2020.08.20"]
[Round "1.22"]
[White "O'Sullivan, Conor"]
[Black "Sundararaju, Ritvik"]
[Result "0-1"]
[WhiteElo "1315"]
[BlackElo "700"]
[PlyCount "54"]
[EventDate "2020.08.20"]
[WhiteTeam "The Hall 2"]
[BlackTeam "Uxbridge Juniors D"]

1. e4 e5 2. Nf3 Nc6 3. Nc3 Nf6 4. Bb5 Ng4 5. h3 a6 6. Bxc6 dxc6 7. hxg4 Bxg4 8.
Rh4 Bxf3 9. Qxf3 Qxh4 10. g3 Qe7 11. Na4 O-O-O 12. Qb3 Rd4 13. c3 Rxe4+ 14. Kf1
b5 15. Nc5 Qxc5 16. Qxf7 Be7 17. Qxg7 Rf8 18. Qxh7 Rg4 19. Qh2 e4 20. a4 bxa4
21. b4 Qb5+ 22. Kg2 Qe2 23. Qh3 Qxf2+ 24. Kh1 Qf3+ 25. Kh2 Bd6 26. Qh6 Qxg3+
27. Kh1 Qg2# 0-1

[Event "Junior Online 4NCL Division 4"]
[Site "online"]
[Date "2020.08.20"]
[Round "1.23"]
[White "Huckridge, Erik"]
[Black "Kohli, Aryan"]
[Result "0-1"]
[WhiteElo "700"]
[BlackElo "1075"]
[PlyCount "64"]
[EventDate "2020.08.20"]
[WhiteTeam "Uxbridge Juniors D"]
[BlackTeam "The Hall 2"]

1. e4 c5 2. c4 d6 3. Nc3 e6 4. Nf3 Nc6 5. d3 Nf6 6. Bg5 Be7 7. Be2 Bd7 8. O-O
O-O 9. b3 Ng4 10. Nh4 Bxg5 11. Bxg4 Bxh4 12. g3 Bf6 13. Nb5 Bxa1 14. Qxa1 Nb4
15. Nxd6 b6 16. Nb7 Qb8 17. Nd6 Qxd6 18. Rd1 b5 19. cxb5 Bxb5 20. d4 cxd4 21.
e5 Qxe5 22. Rxd4 Nc2 23. Qd1 Nxd4 24. a4 Ba6 25. Be2 Bxe2 26. b4 Bxd1 27. b5
Qe1+ 28. Kg2 Ne2 29. Kh3 Ng1+ 30. Kh4 Qxf2 31. a5 f6 32. b6 Qxh2# 0-1

[Event "Junior Online 4NCL Division 4"]
[Site "online"]
[Date "2020.08.20"]
[Round "1.24"]
[White "Swarup, Maanas"]
[Black "Huckridge, Jake"]
[Result "1-0"]
[WhiteElo "1097"]
[BlackElo "700"]
[PlyCount "31"]
[EventDate "2020.08.20"]
[WhiteTeam "The Hall 2"]
[BlackTeam "Uxbridge Juniors D"]

1. e4 d5 2. Nc3 Nf6 3. exd5 Nxd5 4. Nxd5 Qxd5 5. d4 Nc6 6. Nf3 Bg4 7. Be2 Bxf3
8. Bxf3 Qc4 9. Bxc6+ Qxc6 10. O-O e6 11. b4 b5 12. a3 Bd6 13. Bb2 O-O 14. Qg4
Rae8 15. d5 exd5 16. Qxg7# 1-0